Catalog

Record Details

Catalog Search



Arctic explorer : the story of Matthew Henson / by ... Read More

Ferris, Jeri.(Author).

Available copies

  • 1 of 1 copy available at LARL/NWRL Consortium.

Current holds

0 current holds with 1 total copy.

Show Only Available Copies
Location Call Number / Copy Notes Barcode Shelving Location Status Due Date
Warroad Public Library j 921 HEN (Text) 35500003794391 Main Available -

Record details

  • ISBN: 0876143702 (lib. bdg.) :
  • ISBN: 0876145071 (pbk.)
  • Physical Description: 80 p. : ill. ; 24 cm.
  • Publisher: Minneapolis : Carolrhoda Books, c1989.

Content descriptions

General Note:
Includes index.
Bibliography, etc. Note:
Bibliography: p.
Summary, etc.:
A biography of the Black explorer who discovered ... Read More
Subject: Discovery Club rotation.
Outdoors, level 5 : Discovery Club rotation.
Henson, Matthew Alexander, 1866-1955.
Explorers > Biography.
Explorers.
African Americans > Biography.
LDR 01360cam a2200361 4500
0015694
003LARL_NWRL_CONSORTIUM
00519900703171415.0
008881207s1989 mnu j b 001 0 eng
020 . ‡a0876143702 (lib. bdg.) : ‡c$9.95
020 . ‡a0876145071 (pbk.)
035 . ‡a(OCoLC)18982224
040 . ‡aDLC ‡cDLC ‡dKRL
0820 . ‡a919.8/04 ‡aB ‡a92 ‡219
092 . ‡a921 ‡bHen
092 . ‡a919.8 ‡bF
092 . ‡a921 ‡bHen
1001 . ‡aFerris, Jeri. ‡0(LARL_NWRL_CONSORTIUM)93581
24510. ‡aArctic explorer : ‡bthe story of Matthew Henson / ‡cby Jeri Ferris.
260 . ‡aMinneapolis : ‡bCarolrhoda Books, ‡cc1989.
300 . ‡a80 p. : ‡bill. ; ‡c24 cm.
500 . ‡aIncludes index.
504 . ‡aBibliography: p.
520 . ‡aA biography of the Black explorer who discovered the North Pole.
650 0. ‡aDiscovery Club rotation.
650 0. ‡aOutdoors, level 5 : Discovery Club rotation.
60010. ‡aHenson, Matthew Alexander, ‡d1866-1955. ‡0(LARL_NWRL_CONSORTIUM)58072
650 0. ‡aExplorers ‡vBiography. ‡0(LARL_NWRL_CONSORTIUM)170169
650 1. ‡aExplorers. ‡0(LARL_NWRL_CONSORTIUM)19848
650 0. ‡aAfrican Americans ‡vBiography. ‡0(LARL_NWRL_CONSORTIUM)163085
901 . ‡a5694 ‡bOCLC ‡c5694 ‡tbiblio

Additional Resources